000 00813nam a2200265Ia 4500
003 OSt
005 20220926010042.0
006 a|||||r|||| 00| 0
007 ta
008 220923b |||||||| |||| 00| 0 eng d
020 _a9789350355022
_c191.25
037 _b2832, 10/03/2015, Paramount International
_cGeneral Book
040 _aRTL
_cRTL
_beng
041 _2eng
_aeng
082 _aX:1:(Z), Q0;Q5
100 _aSAHARAY H K
_9151801
245 0 _aTextbook of consumer protection law.
250 _a2nd
260 _a New Delhi
_bUniversal Law Publishing
_c2015
300 _axxiv,182p
_ccm.
500 _aBibliography: p 559-573
650 _aCommerce
942 _hX:1:(Z), Q0;Q5
_cGB
_2CC
999 _c616282
_d616282